Rosanna Fratello (Record n. 100082)

Dettagli MARC
000 -LEADER
fixed length control field 03640njm a2200565Ia 4500
001 - CONTROL NUMBER
control field 25575
003 - CONTROL NUMBER IDENTIFIER
control field IT-RoPAU
005 - DATE AND TIME OF LATEST TRANSACTION
control field 20220918181125.0
008 - FIXED-LENGTH DATA ELEMENTS--GENERAL INFORMATION
fixed length control field 131025s9999 xx 000 0 und d
040 ## - CATALOGING SOURCE
Original cataloging agency IT-RoPAU
040 ## - CATALOGING SOURCE
Transcribing agency IT-RoPAU
041 ## - LANGUAGE CODE
Language code of text/sound track or separate title ITALIANO
999 ## - SYSTEM CONTROL NUMBERS (KOHA)
Koha Dewey Subclass [OBSOLETE] n.d.
100 ## - MAIN ENTRY--PERSONAL NAME
Personal name AA.VV.
9 (RLIN) 794
100 ## - MAIN ENTRY--PERSONAL NAME
Relator term Autore musica
9 (RLIN) 12019
100 ## - MAIN ENTRY--PERSONAL NAME
Miscellaneous information Codice autore musica SPICS: 12000
9 (RLIN) 796
245 ## - TITLE STATEMENT
Title Rosanna Fratello
250 ## - EDITION STATEMENT
Edition statement 1a ed.
260 ## - PUBLICATION, DISTRIBUTION, ETC. (IMPRINT)
Place of publication, distribution, etc. MILANO
260 ## - PUBLICATION, DISTRIBUTION, ETC. (IMPRINT)
Name of publisher, distributor, etc. OXFORD RECORD
Date of publication, distribution, etc. 1976 [1a Ed.:1976 - Ed. Lingua Orig.: 1976]
300 ## - PHYSICAL DESCRIPTION
Extent DISCO
300 ## - PHYSICAL DESCRIPTION
Dimensions 37 minuti (Testo: pag.)
500 ## - GENERAL NOTE
General note Canzone italiana
505 ## - FORMATTED CONTENTS NOTE
Formatted contents note Non sono Maddalena (4:00) - Tornerai (3:00) - Piango d'amore (3:00) - La vita è rosa [(La vie en rose) (3:00)] - Io non so dirti di no (3:00) - Il treno (5:00) - Il mio sguardo è uno specchio (3:00) - Il nostro concerto (3:00) - Ciao anni verdi(4:00) - Fascination (3:00) - Una rosa e una candela (3:00) - Avventura a Casablanca (4:00)
650 ## - SUBJECT ADDED ENTRY--TOPICAL TERM
Topical term or geographic name as entry element CANZONE ITALIAN [DISCHI]
Relator term Codice MATERIA SPICS: 9950
9 (RLIN) 12020
700 ## - ADDED ENTRY--PERSONAL NAME
Personal name Fratello Rosanna
Miscellaneous information Codice interprete SPICS: 11597
Relator term Interprete
9 (RLIN) 12021
700 ## - ADDED ENTRY--PERSONAL NAME
Personal name Pallavicini Vito
Miscellaneous information Codice autore musica SPICS: 13656
Relator term Autore musica
Name of part/section of a work Non sono Maddalena - Il treno - Ciao anni verdi
9 (RLIN) 12022
700 ## - ADDED ENTRY--PERSONAL NAME
Personal name Conte Paolo
Miscellaneous information Codice autore SPICS: 7844
Relator term Autore
Name of part/section of a work Non sono Maddalena
9 (RLIN) 12023
700 ## - ADDED ENTRY--PERSONAL NAME
Personal name Olivieri Dino
Miscellaneous information Codice autore musica SPICS: 13481
Relator term Autore musica
Name of part/section of a work Tornerai
9 (RLIN) 12024
700 ## - ADDED ENTRY--PERSONAL NAME
Personal name Rastelli Nino
Miscellaneous information Codice autore testo/musica SPICS: 13482
Relator term Autore testo/musica
Name of part/section of a work Tornerai
9 (RLIN) 12025
700 ## - ADDED ENTRY--PERSONAL NAME
Personal name Lombardi Gianfranco
Miscellaneous information Codice autore musica SPICS: 15823
Relator term Autore musica
Name of part/section of a work Piango d'amore
9 (RLIN) 12026
700 ## - ADDED ENTRY--PERSONAL NAME
Personal name Balducci A.
Miscellaneous information Codice autore testo/musica SPICS: 15822
Relator term Autore tetso/musica
Name of part/section of a work Piango d'amore
9 (RLIN) 12027
700 ## - ADDED ENTRY--PERSONAL NAME
Personal name Piaf Edith
Miscellaneous information Codice autore musica SPICS: 11566
Relator term Autore musica
Name of part/section of a work La vita è rosa
9 (RLIN) 12028
700 ## - ADDED ENTRY--PERSONAL NAME
Personal name Leonardi Piero
Miscellaneous information Codice autore SPICS: 13646
Relator term Autore
Name of part/section of a work La vita è rosa
9 (RLIN) 12029
700 ## - ADDED ENTRY--PERSONAL NAME
Personal name Louigny
Miscellaneous information Codice autore testo/musica SPICS: 14414
Relator term Autore testo/musica
Name of part/section of a work La vita è rosa
9 (RLIN) 12030
700 ## - ADDED ENTRY--PERSONAL NAME
Personal name Conti C.
Miscellaneous information Codice autore musica SPICS: 15827
Relator term Autore musica
Name of part/section of a work Io non so dirti di no - Una rosa e una candela
9 (RLIN) 12031
700 ## - ADDED ENTRY--PERSONAL NAME
Personal name Argento G.
Miscellaneous information Codice autore testo/musica SPICS: 15824
Relator term Autore testo/musica
Name of part/section of a work Io non so dirti di no - Una rosa e una candela
9 (RLIN) 12032
700 ## - ADDED ENTRY--PERSONAL NAME
Personal name Isola E.
Miscellaneous information Codice autore testo/musica SPICS: 15825
Relator term Autore testo/musica
Name of part/section of a work Il treno
9 (RLIN) 12033
700 ## - ADDED ENTRY--PERSONAL NAME
Personal name Rustichelli Carlo
Miscellaneous information Codice autore musica SPICS: 1758
Relator term Autore musica
Name of part/section of a work Il mio sguardo è uno specchio
9 (RLIN) 12034
700 ## - ADDED ENTRY--PERSONAL NAME
Personal name Germi Pietro
Miscellaneous information Codice autore testo/musica SPICS: 6161
Relator term Autore musica
Name of part/section of a work Il mio sguardo è uno specchio
9 (RLIN) 12035
700 ## - ADDED ENTRY--PERSONAL NAME
Personal name Calabrese Giorgio
Miscellaneous information Codice autore musica SPICS: 1368
Relator term Autore musica
Name of part/section of a work Il nostro concerto
9 (RLIN) 12036
700 ## - ADDED ENTRY--PERSONAL NAME
Personal name Bindi Umberto
Miscellaneous information Codice autore testo/musica SPICS: 13681
Relator term Autore testo/musica
Name of part/section of a work Il nostro concerto
9 (RLIN) 12037
700 ## - ADDED ENTRY--PERSONAL NAME
Personal name Celentano Adriano
Miscellaneous information Codice autore musica SPICS: 10821
Relator term Autore musica
Name of part/section of a work Ciao anni verdi
9 (RLIN) 12038
700 ## - ADDED ENTRY--PERSONAL NAME
Personal name De Luca N.
Miscellaneous information Codice autore SPICS: 22924
Relator term Autore musica
Name of part/section of a work Ciao anni verdi
9 (RLIN) 12039
700 ## - ADDED ENTRY--PERSONAL NAME
Personal name Larici (Gili Mario)
Miscellaneous information Codice autore musica SPICS: 13548
Relator term Autore musica
Name of part/section of a work Fascination
9 (RLIN) 12040
700 ## - ADDED ENTRY--PERSONAL NAME
Personal name Morley J.
Miscellaneous information Codice autore SPICS: 15826
Relator term Autore
Name of part/section of a work Fascination
9 (RLIN) 12041
700 ## - ADDED ENTRY--PERSONAL NAME
Personal name Rossi Carlo Alberto (Cicero)
Miscellaneous information Codice autore musica SPICS: 13130
Relator term Autore musica
Name of part/section of a work Avventura a Casablanca
9 (RLIN) 12042
700 ## - ADDED ENTRY--PERSONAL NAME
Personal name Nisa (Salerno Nicola)
Miscellaneous information Codice autore testo/musica SPICS: 13452
Relator term Autore testo/musica
Name of part/section of a work Avventura a Casablanca
9 (RLIN) 12043
942 ## - ADDED ENTRY ELEMENTS (KOHA)
Koha item type DISCHI
Source of classification or shelving scheme Dewey Decimal Classification
Dati di copia
Withdrawn status Lost status Damaged status Not for loan Home library Current library Date acquired Total Checkouts Full call number Date last seen Price effective from Koha item type Public note
    Buone Condizioni Not For Loan SPICS-MEDIATECA SPICS-MEDIATECA 25/10/2013   25575 25/10/2013 25/10/2013 DISCHI Progr. Ins.: 5449 / N.Vol.: 1 / Copie: 1 - Copia rara: n.d. / date import: 01.01.2014 - By Epidotti, Trombetti, Vaglietti
CREDITS: SOCIETA' SAN PAOLO Via A.Severo, 58 - ROMA (RM) & PERIODICI SAN PAOLO SRL Via Giotto, 36 MILANO & CISF Via Giotto, 36 MILANO & EDIZIONI SAN PAOLO SRL,  Piazza Soncino, 5 CINISELLO BALSAMO (MI) -- ITALY